Instructional materials in drug education and vice control/ (Record no. 694)
[ view plain ]
| 000 -LEADER | |
|---|---|
| fixed length control field | 00638nam a22001817a 4500 |
| 008 - FIXED-LENGTH DATA ELEMENTS--GENERAL INFORMATION | |
| fixed length control field | 160116b xxu||||| |||| 00| 0 eng d |
| 020 ## - INTERNATIONAL STANDARD BOOK NUMBER | |
| International Standard Book Number | 978-971-0588-82-4 |
| 082 ## - DEWEY DECIMAL CLASSIFICATION NUMBER | |
| Edition number | 3rd Edition |
| Classification number | DFil 362.29 |
| Item number | M31i |
| 100 ## - MAIN ENTRY--PERSONAL NAME | |
| 9 (RLIN) | 1855 |
| Personal name | Manwong, Rommel K. |
| 245 ## - TITLE STATEMENT | |
| Title | Instructional materials in drug education and vice control/ |
| Statement of responsibility, etc. | Rommel K. Manwong |
| 250 ## - EDITION STATEMENT | |
| Edition statement | 3rd Edition. |
| 260 ## - PUBLICATION, DISTRIBUTION, ETC. (IMPRINT) | |
| Place of publication, distribution, etc. | Quezon City: |
| Name of publisher, distributor, etc. | Wiseman's Books Trading, Inc., |
| Date of publication, distribution, etc. | c2013. |
| 300 ## - PHYSICAL DESCRIPTION | |
| Extent | ix, 371 pages; |
| Other physical details | illustrations; |
| Dimensions | 22 cm. |
| 500 ## - GENERAL NOTE | |
| General note | Includes bibliographical references and appendices. |
| 650 #0 - SUBJECT ADDED ENTRY--TOPICAL TERM | |
| 9 (RLIN) | 1856 |
| Topical term or geographic name as entry element | Drug education |
| 650 #0 - SUBJECT ADDED ENTRY--TOPICAL TERM | |
| 9 (RLIN) | 1857 |
| Topical term or geographic name as entry element | Drug abuse |
| 942 ## - ADDED ENTRY ELEMENTS (KOHA) | |
| Source of classification or shelving scheme | Dewey Decimal Classification |
| Koha item type | Filipiniana |
| Withdrawn status | Lost status | Source of classification or shelving scheme | Damaged status | Not for loan | Collection code | Home library | Current library | Shelving location | Date acquired | Source of acquisition | Total Checkouts | Full call number | Barcode | Date last seen | Date last checked out | Copy number | Price effective from | Koha item type | Cost, replacement price |
|---|---|---|---|---|---|---|---|---|---|---|---|---|---|---|---|---|---|---|---|
| Dewey Decimal Classification | Filipiniana | UM Digos College - LIC | UM Digos College - LIC | Book Cart | 12/02/2015 | Purchased | 1 | DFil 362.29 M31i 2013 | 23859 | 03/18/2023 | 12/09/2016 | 1 | 01/16/2016 | Filipiniana | |||||
| Dewey Decimal Classification | Filipiniana | UM Digos College - LIC | UM Digos College - LIC | 12/02/2015 | Purchased | 2 | DFil 362.29 M31i 2013 | 23860 | 06/08/2021 | 12/20/2016 | 2 | 01/16/2016 | Filipiniana | ||||||
| Dewey Decimal Classification | Filipiniana | UM Digos College - LIC | UM Digos College - LIC | Book Cart | 12/02/2015 | Purchased | 5 | DFil 362.29 M31i 2013 | 23783 | 03/08/2024 | 03/06/2024 | 3 | 01/16/2016 | Filipiniana | |||||
| Dewey Decimal Classification | Filipiniana | UM Digos College - LIC | UM Digos College - LIC | Book Cart | 08/28/2015 | Purchased | 6 | DFil 362.29 M31i 2013 | 23725 | 06/08/2021 | 07/20/2019 | 4 | 04/13/2016 | Filipiniana | 995.00 |
